00770nam a22002057a 450000500170000001000150001702000260003203500140005803700090007208200170008124501090009825000060020726000480021327000390026130000200030070000410032094200280036199900190038995201560040820250807115231.0 aENG-146388 c440.00a9789392150845 aEN-129920 bDBAD a332.1095421 aFintech E-Commerce and Beyond:bThe Evolving Lanscape of Global Markets/cEdited by J. Jolly Vini Sheeba a1 aTamil NadubMind Reading Publicationsc2025 aVasantha NagarbTamil Nadue625003 a144p.c25cm(pb) aSheeba J. Jolly Vini eEditor974400 2ddccENh332.10954mFIN c212934d212934 001040708NFICaMbMd2025-08-07eDelivery of Books Act Divisiong440.00l0o332.10954 FINpEN-129920r2025-08-07 00:00:00t1v440.00w2025-08-07yEN